000 00903nam0a2200265 4500
001 RU\NLR\bibl\628935
005 20250610154038.0
021 _aRU
_b67-8512
029 1 0 _aRU
_b6374-66
_cГОСТ
035 _a(NLR Aleph) 000619827
090 _a94905
_c94905
100 _a20050218d |||y0rusy50 ca
101 0 _arus
102 _aRU
105 _a||||l |||||
200 1 _aШкурки белки невыделанные
229 _aВзамен ГОСТ 6374-52
_aВвед. 01.07.67
300 _aПереизд. март 1973 (74-16357) Переизд. ноябрь 1973 с изм. N1 (75-32116) Послед. переизд. 1984 в сб.: ГОСТ 11315-76 и др (85-2301)
686 _aС82
_v1941
_2oks
801 0 _aRU
_bNLR
_c20050218
_gPSBO
801 1 _aRU
_bNLR
_c20050218
_2ntd_isis
801 2 _aRU
_bNLR
_c20050218
_gPSBO
_2rusmarc
852 _aNLR
_jПт
942 _cBOOK
980 _aNB